Topics from the theory of numbers.

Guardado en:
Autor Principal: Grosswald, Emil.
Formato: Libro
Idioma:English
Publicado: New York : Macmillan, c1966.
Materias:
Etiquetas: Agregar Etiqueta
Sin Etiquetas, Sea el primero en etiquetar este registro!
LEADER 00571cam a22001931a 4500
001 MAT.inmabb005633
008 840425s1966####nyua#####b####000#0#eng##
005 20160804122909.0
245 1 0 |a Topics from the theory of numbers. 
260 |a New York :  |b Macmillan,  |c c1966. 
300 |a xiv, 299 p. :  |b il. ;  |c 25 cm. 
504 |a Incluye referencias bibliográficas. 
510 4 |a MR,  |c 37 #3989 
100 1 |a Grosswald, Emil. 
650 0 |a Number theory. 
084 |a 11-01  |2 msc2000 
010 |a  66019711  
040 |a DLC/ICU  |c ICU  |d DLC 
859 |h 11  |i G878  |p A-2298  |b BIB. MATEMATICA